Statistiken für Nummer 1 Hits in den Deutschen Single Charts

Klicken Sie hier um das Quiz zu spielen!

Allgemein

  • Dieses Quiz wurde 402 mal gespielt
  • Das Durchschnittsergebnis liegt bei 4 aus 16

Antwortstatistiken

AnzahlAntwort% Korrekt
9Abba
65%
21Capital Bra
60%
11The Beatles
53%
7The Rolling Stones
34%
5Modern Talking
30%
5Rihanna
24%
10Samra
24%
7Apache 207
21%
5Bonez MC
19%
5Mero
13%
5Loredana
10%
8Boney M
9%
5Sarah Conner
8%
6Freddy Quinn
6%
5Caterina Valente
3%
8The Sweet
3%

Verteilung der Resultate

Perzentil nach korrekt beantworteten Fragen

Anzahl Personen mit jedem Resultat

Ihre Resultats-Entwicklung

Sie haben dieses Quiz noch nicht gespielt